| 000 | 01040nam a2200325 a 4500 | ||
|---|---|---|---|
| 003 | AR-BaBNM | ||
| 005 | 20251128202802.0 | ||
| 008 | 082120s2002 ||||||||||||||000 | spa|| | ||
| 040 | _cAR-BaBNM | ||
| 100 | 1 | _aGasparini, Zulema | |
| 245 | 0 | 0 |
_aUn elasmosaurido [reptilia, plesiosauria] del cretacico superior de la Antártida _bAn elasmosaurus [reptilia, plesiosauria] of the upper cretaceous in the Antartic |
| 260 |
_aBuenos Aires _bDirección Nacional del Antártico _c1984 |
||
| 300 |
_a24 p. _bil., láms., gráfs. |
||
| 490 | 0 |
_aInstituto Antártico Argentino _vv. 305 |
|
| 504 | _aBibliografía p. 16-17 | ||
| 650 | 4 | _aREGIONES POLARES | |
| 650 | 4 | _aZONAS CLIMATICAS | |
| 650 | 4 | _aOCEANOGRAFIA | |
| 650 | 4 | _aEXPEDICIONES CIENTIFICAS | |
| 650 | 4 | _aEXPLORACION OCEANICA | |
| 650 | 4 | _aINVESTIGACION CIENTIFICA | |
| 650 | 4 | _aEXPLORACION DE RECURSOS | |
| 650 | 4 | _aFLORA | |
| 650 | 4 | _aFAUNA | |
| 651 | 4 | _aAntártida | |
| 700 | 1 | _aDel Valle, Rodolfo A. | |
| 700 | 1 | _aGoñi, Ricardo | |
| 942 | _cBK | ||
| 998 | _cmariana | ||
| 999 |
_c562 _d562 |
||